Systém Bonus-Malus ako Markovov proces a hlad po bonuse

Uložené v:
Podrobná bibliografia
Hlavný autor: Fecenko, Jozef
Ďalší autori: Szépová, Henrieta
Médium: Kapitola
Jazyk:Slovak
Tagy: Pridať tag
Žiadne tagy, Buďte prvý, kto otaguje tento záznam!

MARC

LEADER 00000nla$a2200000$$$4500
001 0062307
005 20240502071712.7
041 0 |a slo 
044 |a SK 
245 1 0 |a Systém Bonus-Malus ako Markovov proces a hlad po bonuse  |c Jozef Fecenko, Henrieta Szépová 
100 1 |a Fecenko, Jozef 
700 1 |a Szépová, Henrieta